000 00285nam a22001337a 4500
008 170801b xxu||||| |||| 00| 0 eng d
020 _a9780130384744
041 _aeng
080 _a004
100 _a32
101 _aSHKI
245 _aC++ HOW TO PROGRAM
_cDEITEL
942 _2udc
_cBK
999 _c22372
_d22372